|
|
|
|
| LEADER |
01030nam a2200289 a 4500 |
| 001 |
1016 |
| 003 |
BD-DhAAL |
| 005 |
20150413121754.0 |
| 008 |
150413s1995 caua b 001 0 eng |
| 010 |
|
|
|a 95009539
|
| 020 |
|
|
|a 0803959354 (alk. paper)
|
| 020 |
|
|
|a 0803959362 (pbk. : alk. paper)
|
| 040 |
|
|
|a DLC
|c DLC
|d DLC
|d BD-DhAAL
|
| 050 |
0 |
0 |
|a H97
|b .M64 1995
|
| 082 |
0 |
0 |
|a 361.6/1/068
|2 20
|
| 100 |
1 |
|
|a Mohr, Lawrence B.
|9 10332
|
| 245 |
1 |
0 |
|a Impact analysis for program evaluation /
|c Lawrence B. Mohr.
|
| 250 |
|
|
|a 2nd ed.
|
| 260 |
|
|
|a Thousand Oaks, Calif. :
|b Sage Publications,
|c c1995.
|
| 300 |
|
|
|a xxii, 311 p. :
|b ill. ;
|c 24 cm.
|
| 504 |
|
|
|a Includes bibliographical references (p. 295-302) and index.
|
| 541 |
|
|
|e 1016
|
| 650 |
|
0 |
|a Policy sciences.
|9 7782
|
| 650 |
|
0 |
|a Evaluation research (Social action programs)
|9 6974
|
| 942 |
|
|
|2 ddc
|c BK
|
| 999 |
|
|
|c 34213
|d 34213
|
| 952 |
|
|
|0 0
|1 0
|2 ddc
|4 0
|6 361_610680000000000
|7 0
|9 53418
|a SCL
|b SCL
|c GEN
|d 2015-04-13
|g 1300.00
|l 0
|o 361.61068
|p 3020001016
|r 2015-04-13
|t 1
|w 2015-04-13
|y BK
|